[Event "Najdorf Memorial B"]
[Site "Warsaw POL"]
[Date "2023.07.16"]
[Round "6.3"]
[White "Terkiewicz, Bruno"]
[Black "Suska, Szymon"]
[Result "1/2-1/2"]
[WhiteElo "1922"]
[BlackElo "1876"]

1. d4 Nf6 2. c4 e6 3. g3 Bb4+ 4. Nd2 Nc6 5. Nf3 O-O 6. a3 Bxd2+ 7. Qxd2 d6
8. b4 e5 9. b5 Nxd4 10. Nxd4 exd4 11. Qxd4 d5 12. cxd5 Qxd5 13. Qxd5 Nxd5
14. Bb2 Be6 15. O-O-O c6 16. Bg2 Nb6 17. bxc6 bxc6 18. Rd3 Rac8 19. Rhd1 c5
20. Be5 Nc4 21. Bf4 Na5 22. Kc2 h6 23. h4 Rfe8 1/2-1/2

[Event "Najdorf Memorial B"]
[Site "Warsaw POL"]
[Date "2023.07.16"]
[Round "6.4"]
[White "Nesterenko, Kyrylo"]
[Black "Jasiulewicz, Dawid"]
[Result "1-0"]
[WhiteElo "1907"]
[BlackElo "1751"]

1. e4 c5 2. d4 cxd4 3. Qxd4 Nc6 4. Qd3 Nf6 5. Nc3 d6 6. Nf3 a6 7. Be2 e6 8.
Bf4 e5 9. Bg5 h6 10. Bxf6 Qxf6 11. Nd5 Qd8 12. O-O Be6 13. Rfd1 Bxd5 14.
exd5 Nb8 15. c4 Nd7 16. b4 b6 17. Rac1 Be7 18. c5 bxc5 19. bxc5 Nxc5 20.
Rxc5 dxc5 21. d6 O-O 22. dxe7 Qxe7 23. Qe4 f5 24. Qxe5 Qxe5 25. Nxe5 Rfd8
26. Rc1 Rd2 27. Bc4+ Kh7 28. h4 Rad8 29. Bb3 Re2 30. Nf3 Rc8 31. Bc4 Rb2
32. Bxa6 Rc7 33. Bc4 Kg6 34. Rd1 Rc2 35. Rd6+ Kh7 36. Bd3 Rc1+ 37. Kh2 g6
38. h5 gxh5 39. Bxf5+ Kg8 40. Rg6+ Kf8 41. Rxh6 c4 42. Nd4 Kg8 43. Be6+ 1-0

[Event "Najdorf Memorial B"]
[Site "Warsaw POL"]
[Date "2023.07.16"]
[Round "6.5"]
[White "Mironowicz, Karol"]
[Black "Grajczak, Adrian"]
[Result "1/2-1/2"]
[WhiteElo "1714"]
[BlackElo "1880"]

1. e4 c5 2. Nf3 d6 3. d4 cxd4 4. Nxd4 Nf6 5. Nc3 g6 6. Be3 Bg7 7. f3 O-O 8.
Qd2 Nc6 9. Bc4 Nxd4 10. Bxd4 Be6 11. Nd5 Bxd5 12. exd5 Qc7 13. Bb3 Nd7 14.
Bxg7 Kxg7 15. Qd4+ Kg8 16. c3 Nc5 17. h4 Nxb3 18. axb3 Qb6 19. Qxb6 axb6
20. Kd2 Kg7 21. Kd3 Ra6 22. Ra3 Rxa3 23. bxa3 b5 24. Re1 Kf6 25. g4 e5 26.
Re4 Ra8 27. Rb4 Ra5 28. Ke4 h6 29. f4 exf4 30. Kxf4 g5+ 31. hxg5+ hxg5+ 32.
Ke4 Kg6 33. a4 bxa4 34. bxa4 Rc5 35. c4 Rc7 36. a5 Re7+ 37. Kd4 f5 38.
gxf5+ Kxf5 39. Rb6 Rd7 1/2-1/2

[Event "Najdorf Memorial B"]
[Site "Warsaw POL"]
[Date "2023.07.16"]
[Round "6.6"]
[White "Kulpa, Zuzanna"]
[Black "Kaminski, Jan"]
[Result "1/2-1/2"]
[WhiteElo "1911"]
[BlackElo "1862"]

1. d4 Nf6 2. c4 e6 3. Nf3 b6 4. a3 Bb7 5. Nc3 d5 6. Bf4 Be7 7. e3 O-O 8. h3
Nbd7 9. cxd5 Nxd5 10. Nxd5 Bxd5 11. Be2 c5 12. O-O cxd4 13. exd4 Nf6 14.
Rc1 Rc8 15. Qa4 a5 16. Rxc8 Qxc8 17. Rc1 Qa8 18. Qb5 Be4 19. Bg5 Qb7 20.
Qe5 Nd7 21. Qg3 Bxg5 22. Nxg5 Qd5 23. Nxe4 Qxe4 24. Bf3 Qxd4 25. Rd1 Qxb2
26. Rxd7 Qxa3 27. Qc7 Qb4 28. Qd6 Qxd6 29. Rxd6 Rb8 30. Bc6 Kf8 31. Bb5 Ke7
32. Rd7+ Kf6 33. Kf1 h5 34. Ke2 g5 35. Ke3 1/2-1/2

[Event "Najdorf Memorial B"]
[Site "Warsaw POL"]
[Date "2023.07.16"]
[Round "6.7"]
[White "Gbiorczyk, Mikolaj"]
[Black "Bartoszewicz, Marcin"]
[Result "1-0"]
[WhiteElo "1904"]
[BlackElo "1791"]

1. e4 c5 2. Nc3 e6 3. Nge2 Nc6 4. d4 cxd4 5. Nxd4 a6 6. Be3 Qc7 7. Qd2 Nf6
8. f3 b5 9. O-O-O Bb4 10. Qe1 Bb7 11. Nxc6 Qxc6 12. Bd4 O-O-O 13. Qg3 Rhg8
14. e5 Bxc3 15. Bxc3 Nd5 16. Ba5 Rdf8 17. Kb1 Kb8 18. Bd3 b4 19. c3 bxc3
20. Rc1 Qa4 21. Bxc3 g6 22. b3 Nxc3+ 23. Rxc3 Qd4 24. Rhc1 Rc8 25. Qe1 Rxc3
26. Qxc3 Qb6 27. Bc4 Rc8 28. Qd2 Rc7 29. h3 h5 30. Qe2 Ka7 31. Rd1 Bc6 32.
Qd3 a5 33. Qd4 Rc8 34. a3 Rf8 35. Kc2 Qxd4 36. Rxd4 f5 37. h4 Kb6 38. Kd3
Ra8 39. Ke3 Kc5 40. b4+ axb4 41. axb4+ Kb6 42. b5 Ra3+ 43. Kf2 Kc5 44. bxc6
Kxd4 45. c7 Ra8 46. Ba6 Kxe5 47. c8=Q Rxc8 48. Bxc8 d6 49. g3 Kf6 50. f4 e5
51. Ke3 Ke7 52. Kd3 Kd8 53. Be6 Ke7 54. Bb3 Kf6 55. Kc4 1-0

[Event "Najdorf Memorial B"]
[Site "Warsaw POL"]
[Date "2023.07.16"]
[Round "6.8"]
[White "Dropia, Rafal"]
[Black "Haliniak, Wojciech"]
[Result "0-1"]
[WhiteElo "1585"]
[BlackElo "1901"]

1. d4 d6 2. c4 e5 3. d5 f5 4. e4 fxe4 5. Nc3 Nf6 6. Nge2 Bf5 7. Ng3 Bg6 8.
Bg5 Nbd7 9. Ncxe4 Be7 10. Nxf6+ gxf6 11. Bd2 f5 12. Nh5 Rg8 13. Be2 Nc5 14.
O-O Qd7 15. f4 O-O-O 16. Be3 Ne4 17. Bd3 Nf6 18. Nxf6 Bxf6 19. Bxa7 exf4
20. Qc2 Be5 21. Rae1 Rdf8 22. c5 Bd4+ 23. Kh1 dxc5 24. Bxc5 Bxc5 25. Qxc5
Rd8 26. Rxf4 b6 27. Qa3 Kb8 28. Bc4 Rge8 29. Rd1 Re4 30. Rxe4 fxe4 31. Qa6
Qg4 32. Be2 Qf4 33. Qc4 Qe5 34. a4 Bf7 35. b4 Rxd5 36. Rxd5 Bxd5 37. Qc1
Qd4 0-1

[Event "Najdorf Memorial B"]
[Site "Warsaw POL"]
[Date "2023.07.16"]
[Round "6.9"]
[White "Kudlak, Julia"]
[Black "Sternik, Piotr"]
[Result "1-0"]
[WhiteElo "1899"]
[BlackElo "1783"]

1. d4 d5 2. Nf3 e6 3. c4 a6 4. g3 Nd7 5. Bg2 Ngf6 6. O-O Bd6 7. Qc2 c6 8.
b3 O-O 9. Bb2 Ne4 10. Nfd2 Nxd2 11. Nxd2 f5 12. Rfe1 Nf6 13. f3 f4 14. Nf1
Qe8 15. gxf4 Bxf4 16. Ba3 Rf7 17. e3 Bc7 18. Rad1 e5 19. dxe5 Qxe5 20. f4
Qe6 21. Ng3 dxc4 22. bxc4 Qe8 23. Ne4 Bf5 24. Nxf6+ Rxf6 25. Qc3 Be4 26.
Re2 Rg6 27. Rd4 Rd8 28. Kf1 Bxg2+ 29. Rxg2 Rxg2 30. Kxg2 c5 31. Rxd8 Bxd8
32. Qd3 b6 33. Bb2 Bf6 34. Qd5+ Qf7 35. Qa8+ Qf8 36. Qxf8+ Kxf8 37. Bxf6
gxf6 38. a4 Ke7 39. Kf3 Kd6 40. e4 Kc6 41. e5 fxe5 42. fxe5 b5 43. cxb5+
axb5 44. a5 b4 45. Ke2 b3 46. Kd2 Kb5 47. e6 Kb4 48. e7 1-0

[Event "Najdorf Memorial B"]
[Site "Warsaw POL"]
[Date "2023.07.16"]
[Round "6.10"]
[White "Gorniewicz, Oskar"]
[Black "Stefaniuk, Zbigniew"]
[Result "1-0"]
[WhiteElo "1890"]
[BlackElo "1721"]

1. d4 Nf6 2. Nf3 d5 3. Bf4 c5 4. e3 Nc6 5. Nc3 Bg4 6. Be2 e6 7. O-O cxd4 8.
Nb5 Rc8 9. Nbxd4 Nxd4 10. Qxd4 a6 11. Bg5 Bh5 12. Bxf6 gxf6 13. Qa4+ Qd7
14. Qh4 Bxf3 15. Bxf3 Rxc2 16. Qxf6 Rg8 17. Bh5 Bg7 18. Qf4 Qc7 19. Qg4 Qd7
20. Rac1 Rc6 21. Rxc6 Qxc6 22. e4 dxe4 23. Qf4 Rf8 24. Rc1 Be5 25. Qe3 Qd5
26. Qh6 Qxa2 27. g3 Bd6 28. Rc8+ Kd7 29. Rxf8 Bxf8 30. Qxf8 Qb1+ 31. Kg2
Qxb2 32. Qxf7+ Kd6 33. Bg4 Qb3 34. Qf4+ Kd5 35. Qg5+ Kd6 36. Qd8+ Ke5 37.
Qc7+ Kd5 38. Qxh7 Qb2 39. Qd7+ Kc5 40. Qc8+ Kd4 41. Qh8+ e5 42. Qd8+ Kc3
43. Qc7+ Kd4 44. Qd6+ Kc4 45. Be6+ Kb5 46. Qd5+ Kb6 47. Qxe4 Kc7 48. h4 b5
49. h5 Kd6 50. Qd5+ Ke7 51. Qd7+ Kf6 52. Qf7+ Kg5 53. Qg6# 1-0

[Event "Najdorf Memorial B"]
[Site "Warsaw POL"]
[Date "2023.07.16"]
[Round "6.11"]
[White "Ryszkiewicz, Adam"]
[Black "Sprzeczka, Emilia"]
[Result "0-1"]
[WhiteElo "1953"]
[BlackElo "1797"]

1. e4 c5 2. Nf3 d6 3. d4 cxd4 4. Qxd4 Nc6 5. Bb5 Bd7 6. Bxc6 Bxc6 7. Nc3
Nf6 8. Bg5 e6 9. O-O-O Be7 10. Qd3 Qa5 11. h4 h6 12. Bd2 Qa6 13. Qxa6 bxa6
14. Rde1 Nd7 15. Nd4 Bb7 16. Nb3 Rc8 17. Be3 Nb6 18. Bd4 Bf6 19. Bxf6 gxf6
20. g4 Ke7 21. Rhg1 Rhg8 22. Rg3 d5 23. exd5 Nxd5 24. Nxd5+ Bxd5 25. Nd4
Kd7 26. b3 Rc5 27. c4 Ba8 28. Rd3 Kc8 29. f3 h5 30. Rg1 Re5 31. Nc2 Re2 32.
a4 Rf2 33. Ne1 Rh2 34. Rd6 Bb7 35. c5 Kc7 36. g5 Rxh4 37. g6 Rxg6 38. Rxg6
fxg6 39. Rxe6 Rf4 40. Re7+ Kc8 41. Kd2 a5 42. Nc2 Rf5 43. Nd4 Rd5 44. Kd3
Ba6+ 45. Ke3 Rxc5 46. Rf7 Re5+ 47. Kf2 Bd3 48. Rxf6 Kc7 49. Ne6+ Kd7 50.
Nf4 Rf5 51. Rxg6 Rxf4 52. Rg7+ Ke6 53. Ke3 Rb4 54. Kxd3 Rxb3+ 55. Ke2 Rb2+
56. Ke3 Rb3+ 57. Kf2 Rb2+ 58. Kg3 Rb4 59. Rxa7 Rxa4 60. Ra8 Kf6 61. f4 Kf5
62. Rf8+ Kg6 63. Ra8 Ra3+ 64. Kh4 Ra4 65. Kg3 Ra1 66. Kf3 Rf1+ 67. Kg2 Ra1
68. Kf3 Ra3+ 69. Ke4 h4 70. f5+ Kf6 71. Ra6+ Ke7 72. Ke5 Re3+ 73. Kf4 Ra3
74. Kg5 h3 75. Ra7+ Ke8 76. Rh7 a4 77. Rh4 Kf7 78. Rh7+ Kg8 79. Rh4 Kg7 80.
f6+ Kf7 81. Rh7+ Kf8 82. Rh4 Rg3+ 83. Kf4 Rb3 84. Ke5 a3 85. Rh8+ Kf7 86.
Rh7+ Kg8 87. Rg7+ Kf8 0-1

[Event "Najdorf Memorial B"]
[Site "Warsaw POL"]
[Date "2023.07.16"]
[Round "6.12"]
[White "Bury, Milosz"]
[Black "Polak, Michal"]
[Result "0-1"]
[WhiteElo "1785"]
[BlackElo "1895"]

1. e4 c5 2. Nf3 Nc6 3. Bb5 g6 4. O-O Bg7 5. Re1 Nf6 6. e5 Nd5 7. Nc3 Nc7 8.
Bxc6 dxc6 9. d3 O-O 10. h3 Ne6 11. Be3 Nd4 12. Bf4 h6 13. Ne4 b6 14. a4 Be6
15. a5 Qd7 16. Ra3 g5 17. Bh2 Rad8 18. axb6 axb6 19. Ned2 Kh7 20. Nxd4 cxd4
21. Qe2 Bf5 22. Rea1 Qe6 23. Ra6 b5 24. Nb3 Rd5 25. Re1 Qc8 26. Ra5 Qd7 27.
Qf3 Bg6 28. Nd2 Rc5 29. Qd1 Rd5 30. Qf3 Kg8 31. Qe2 e6 32. Rea1 Qe7 33. Ra6
Rc8 34. g4 c5 35. Ra7 Rd7 36. R7a5 Rb8 37. b3 Rd5 38. Ra7 Rb7 39. Ra8+ Kh7
40. Rc8 Rd8 41. Rxd8 Qxd8 42. Ne4 Qd5 43. Nd6 Rb8 44. Ra5 Qc6 45. f3 Bf8
46. Kf2 Bxd6 47. exd6 c4 48. Ra7 cxd3 49. cxd3 Qd5 50. Be5 Rd8 51. Rc7 Rxd6
52. Bxd6 Qxd6 53. Rc1 Qh2+ 54. Ke1 Qxh3 55. Qf2 Bxd3 56. Kd2 Bg6 57. Rc8 e5
58. Qe2 Qg3 59. Re8 Qf4+ 60. Kd1 e4 61. fxe4 Qg3 62. Qxb5 Qxg4+ 63. Kd2
Qf4+ 64. Kd1 Qf3+ 65. Kc1 Qc3+ 66. Kb1 d3 67. Qc4 Qe1+ 68. Kb2 Qd2+ 69. Kb1
Qe1+ 70. Kb2 d2 71. Qc3 d1=N+ 0-1

[Event "Najdorf Memorial B"]
[Site "Warsaw POL"]
[Date "2023.07.16"]
[Round "6.14"]
[White "Szefer, Michal"]
[Black "Yasmo, Daniil"]
[Result "0-1"]
[WhiteElo "1863"]
[BlackElo "1778"]

1. g3 e5 2. c4 c6 3. Bg2 d5 4. Nf3 e4 5. Nd4 Nf6 6. d3 Bb4+ 7. Bd2 Qb6 8.
Bxb4 Qxb4+ 9. Qd2 Qb6 10. Nb3 dxc4 11. dxc4 O-O 12. c5 Qc7 13. Nc3 Re8 14.
Qd6 Qxd6 15. cxd6 Na6 16. O-O-O Be6 17. Na5 Rab8 18. Nxe4 Nxe4 19. Bxe4
Bxa2 20. d7 Red8 21. Rd2 Be6 22. Rhd1 Nc5 23. Bc2 Kf8 24. e4 Rxd7 25. f4
Rxd2 26. Rxd2 Ke7 27. f5 Bd7 28. Nc4 Rd8 29. e5 f6 30. Re2 b5 31. Na5 Rc8
32. e6 Be8 33. Rd2 Rd8 34. Rxd8 Kxd8 35. Kd2 Kc7 36. Nb3 Nxb3+ 37. Bxb3 Kd6
38. Ke3 Ke5 39. g4 c5 40. Bc2 c4 41. h4 h6 42. Be4 a5 43. h5 a4 44. Bb7 c3
0-1

[Event "Najdorf Memorial B"]
[Site "Warsaw POL"]
[Date "2023.07.16"]
[Round "6.15"]
[White "Mazus, Jakub"]
[Black "Bartodziej, Bartosz"]
[Result "0-1"]
[WhiteElo "1600"]
[BlackElo "1840"]

1. e4 c5 2. Nf3 d6 3. Bb5+ Nd7 4. Ba4 Nf6 5. O-O a6 6. c4 g6 7. Re1 Bg7 8.
Nc3 O-O 9. d4 cxd4 10. Nxd4 Ne5 11. Qe2 Qc7 12. Bb3 Bd7 13. f3 Rac8 14. Nd5
Nxd5 15. cxd5 Nc4 16. Nc2 Nxb2 17. Bxb2 Bxb2 18. Rab1 Qc5+ 19. Qf2 Be5 20.
g3 Rc7 21. f4 Bc3 22. Rec1 Qxf2+ 23. Kxf2 Rfc8 0-1

[Event "Najdorf Memorial B"]
[Site "Warsaw POL"]
[Date "2023.07.16"]
[Round "6.16"]
[White "Olszewski, Antoni"]
[Black "Celinski, Kamil"]
[Result "0-1"]
[WhiteElo "1681"]
[BlackElo "1820"]

1. e4 e5 2. Nf3 Nc6 3. Bb5 a6 4. Ba4 Nf6 5. d3 b5 6. Bb3 Bc5 7. Nc3 h6 8.
Nd5 d6 9. Nxf6+ Qxf6 10. Bd5 Bd7 11. c3 Rb8 12. Be3 Bb6 13. O-O Ne7 14.
Bxb6 Rxb6 15. d4 Ng6 16. Qd2 Nf4 17. dxe5 dxe5 18. Bxf7+ Ke7 19. Bb3 Bh3
20. Ne1 Bxg2 21. Qe3 Bxf1 22. Kxf1 Rd8 23. Nf3 Rbd6 24. Qc5 Ne6 25. Bxe6
Qxf3 26. Bd5 Qh1+ 27. Ke2 Qxa1 28. Qxc7+ R8d7 29. Qc8 Qxb2+ 30. Kd3 Qxf2
31. Qg8 Qf8 32. Qh7 Qf6 33. h4 Rd8 34. h5 Rf8 35. Kc2 Rxd5 36. exd5 Qf5+
37. Kb3 Qxh7 0-1

[Event "Najdorf Memorial B"]
[Site "Warsaw POL"]
[Date "2023.07.16"]
[Round "6.17"]
[White "Zapalowska, Wiktoria"]
[Black "Zeissel, Andrzej"]
[Result "0-1"]
[WhiteElo "1685"]
[BlackElo "1813"]

1. e4 c5 2. Nf3 e6 3. g3 Nc6 4. Bg2 Nf6 5. Qe2 e5 6. c3 d6 7. O-O Be7 8.
Na3 O-O 9. Nc2 Re8 10. d3 h6 11. Ne3 Bf8 12. Nh4 Rb8 13. Qd2 Be6 14. Nd5
Nh7 15. f4 exf4 16. Nxf4 Be7 17. Nxe6 fxe6 18. Ng6 Bg5 19. Qf2 Qf6 20. Qxf6
Nxf6 21. e5 Bxc1 22. Raxc1 Nxe5 23. Nxe5 dxe5 24. Rce1 b6 25. Rxe5 Rbd8 26.
Bh3 Rxd3 27. Rxe6 Rxe6 28. Bxe6+ Kf8 29. Rf2 Ke7 30. Re2 Kd8 31. Kf2 Kc7
32. Bf5 Rd5 33. Be6 Rd8 34. Kf3 g5 35. Bf5 Re8 36. Rxe8 Nxe8 37. Ke4 Kd6
38. g4 Nf6+ 39. Ke3 Ke5 40. b4 cxb4 41. c4 h5 42. h3 h4 43. Bc2 Nd7 0-1

[Event "Najdorf Memorial B"]
[Site "Warsaw POL"]
[Date "2023.07.16"]
[Round "6.18"]
[White "Pires, Emanuel Joao Robarts"]
[Black "Zareba, Piotr"]
[Result "1/2-1/2"]
[WhiteElo "1994"]
[BlackElo "1723"]

1. e4 c6 2. Nf3 d5 3. e5 Bf5 4. Be2 e6 5. O-O Nd7 6. a3 c5 7. b4 cxb4 8.
axb4 Qc7 9. Nc3 a6 10. b5 a5 11. b6 Qxb6 12. Nb5 Rc8 13. Ba3 Nh6 14. Bxf8
Kxf8 15. c4 dxc4 16. Nd6 Rc5 17. Nxc4 Qd8 18. Qb3 Be4 19. d4 Rc7 20. Rxa5
Nf5 21. Rfa1 g6 22. Nd6 Nxd6 23. exd6 Rc8 24. Qe3 Nf6 25. Ng5 Bd5 26. Qf4
Kg7 27. h4 h6 28. Nh3 Rc6 29. Ra7 Rb6 30. Qe3 Qxd6 31. h5 Rb3 32. Qf4 Qxf4
33. Nxf4 Rb4 34. hxg6 fxg6 35. R1a6 Rxd4 36. Nxd5 Nxd5 37. Rxb7+ Kf6 38.
Raa7 Rf8 39. g3 Rd2 40. Bg4 Ke5 41. f4+ Kf6 42. Bf3 h5 43. Be4 Ne3 44. Rd7
Rxd7 45. Rxd7 Rb8 46. Ra7 Rb4 47. Bf3 Nf5 48. Kg2 Rb2+ 49. Kh3 Rb3 50. Kg2
h4 51. g4 h3+ 52. Kh2 Ne7 53. Be4 Re3 54. g5+ Kf7 55. Bb1 Rf3 56. Ba2 Rxf4
57. Kxh3 Rf5 58. Kg4 Re5 1/2-1/2

[Event "Najdorf Memorial B"]
[Site "Warsaw POL"]
[Date "2023.07.16"]
[Round "6.19"]
[White "Mazur, Maciej"]
[Black "Choroszej, Aleksander"]
[Result "1-0"]
[WhiteElo "1758"]
[BlackElo "1958"]

1. e4 g6 2. d4 Bg7 3. Nc3 d6 4. Be3 a6 5. Qd2 b5 6. h4 h5 7. Nh3 Bxh3 8.
Rxh3 c6 9. O-O-O Nd7 10. Kb1 Qc7 11. f4 b4 12. Ne2 Ngf6 13. Ng3 Ng4 14. f5
O-O 15. fxg6 fxg6 16. Bg1 a5 17. Bc4+ Kh8 18. Nf1 e5 19. Be6 Ndf6 20. Qe2
Rae8 21. d5 Nh6 22. Nh2 Nf7 23. Rg3 Kh7 24. Rxg6 Rxe6 25. dxe6 Kxg6 26.
exf7 Rxf7 27. Nf3 Ng4 28. Qd2 Bh6 29. Qxd6+ Qxd6 30. Rxd6+ Rf6 31. Rxf6+
Kxf6 32. Bb6 a4 33. Bc5 Be3 34. Bxb4 Nf2 35. Bc3 Nxe4 36. Bxe5+ Kf5 37. Bc7
Bf4 38. Bd8 Kg4 39. b3 axb3 40. cxb3 Kg3 41. a4 Kxg2 42. Nd4 c5 43. Ne6 Be5
44. a5 c4 45. b4 Bd6 46. a6 Nc3+ 47. Kc2 Nb5 48. Ng7 Bxb4 49. Nxh5 Kf3 50.
Bf6 Nc7 51. Ng7 Bc5 52. h5 Nd5 53. Bc3 Be3 54. a7 Bxa7 55. h6 Nf4 56. h7
Ng6 57. Nf5 Kg4 58. Ne7 1-0

[Event "Najdorf Memorial B"]
[Site "Warsaw POL"]
[Date "2023.07.16"]
[Round "6.20"]
[White "Mazurek, Jerzy"]
[Black "Kasperkiewicz, Pawel"]
[Result "1/2-1/2"]
[WhiteElo "1738"]
[BlackElo "1850"]

1. c4 b6 2. g3 Bb7 3. Nf3 c5 4. Bg2 Nf6 5. Nc3 g6 6. O-O Bg7 7. d3 O-O 8.
e4 Nc6 9. Rb1 e6 10. Ne1 d5 11. exd5 exd5 12. Nxd5 Nxd5 13. Bxd5 Qd7 14. a3
Nd4 15. Bxb7 Qxb7 16. Be3 a5 17. Bxd4 Bxd4 18. Qf3 Qxf3 19. Nxf3 Rfd8 20.
b4 axb4 21. axb4 Ra3 22. Nxd4 Rxd4 23. bxc5 bxc5 24. Rfd1 Rdxd3 25. Rxd3
Rxd3 26. Rb5 Rc3 27. Rxc5 h5 28. h4 Kg7 29. Rc6 Kh7 30. Kf1 Rc2 31. Kg2 Rc3
32. c5 Kg7 33. Rc8 Kh7 34. c6 Kg7 35. Kf1 Rc2 36. Ke1 Kf6 37. Kd1 Rc5 38.
Kd2 Ke6 39. Ke3 Kd6 40. f3 Rc4 41. Rf8 Rxc6 42. Rxf7 Ke6 43. Rf8 Rc4 44.
Rf4 Rc3+ 45. Kd2 Ra3 46. g4 hxg4 47. fxg4 Rh3 48. g5 Ke5 49. Ra4 Ke6 50.
Ke2 Kf7 51. Kf2 Rb3 52. Kg2 Kg7 53. Rf4 Ra3 54. Rg4 Rb3 55. Rg3 Rb4 56. Kh3
Ra4 57. Rf3 Rb4 58. Kg3 Ra4 59. Rf4 Ra1 60. Kf3 Rf1+ 61. Ke4 Rxf4+ 62. Kxf4
Kf8 63. Ke4 Ke8 64. Kd4 Kd8 65. Kc4 Ke8 66. Kc5 Ke7 67. Kd5 Kd7 68. Ke5 Ke7
69. Kf4 Kf8 70. Kf3 Kf7 71. Kg4 Kg8 72. Kg3 Kg7 73. Kg2 Kg8 74. Kg3 Kg7 75.
Kg4 Kg8 76. h5 gxh5+ 77. Kxh5 Kh7 78. g6+ Kg7 79. Kg5 Kg8 80. Kf6 Kf8 81.
g7+ Kg8 82. Kg6 1/2-1/2

[Event "Najdorf Memorial B"]
[Site "Warsaw POL"]
[Date "2023.07.16"]
[Round "6.21"]
[White "Gunnarsson, Helgi Petur"]
[Black "Lewandrowski, Tomasz"]
[Result "0-1"]
[WhiteElo "1723"]
[BlackElo "1849"]

1. e4 c5 2. Nc3 Nc6 3. Bb5 Nd4 4. Bc4 e6 5. Nf3 a6 6. a4 b6 7. Nxd4 cxd4 8.
Ne2 Bc5 9. d3 Bb7 10. O-O Ne7 11. Bb3 Qc7 12. Bf4 e5 13. Bg3 g5 14. c3 Qd6
15. Bxf7+ Kxf7 16. b4 Bxb4 17. cxb4 Ng6 18. Qb3+ Qe6 19. Qxe6+ Kxe6 20. f3
Rhc8 21. Rfc1 Rxc1+ 22. Rxc1 Bc6 23. a5 bxa5 24. bxa5 Bb5 25. Rc5 Bxd3 26.
Kf2 h5 27. Nxd4+ exd4 28. Rxg5 h4 29. Rxg6+ Kf7 30. Rd6 hxg3+ 31. Kxg3 Rg8+
32. Kf2 Bb5 33. Rxd4 Rc8 34. Rd2 Rc3 35. Ra2 Bc6 36. Ra1 Kf6 37. Ra2 Ke6
38. g3 Ke5 39. h4 Bb5 40. Kg2 Bc4 41. Rd2 Be6 42. Rf2 Rc5 43. g4 Kf4 44. h5
Rxa5 45. h6 Rc5 46. Rb2 Rc8 47. Rb6 Rh8 48. Rxa6 Rxh6 49. Ra8 Rg6 50. Kf2
Rg8 51. Ra3 Rb8 52. Rc3 Rb2+ 53. Kf1 Rh2 54. Kg1 Rh3 55. Kg2 Bxg4 56. Rc8
Rg3+ 57. Kh2 Rxf3 58. Kg2 0-1

[Event "Najdorf Memorial B"]
[Site "Warsaw POL"]
[Date "2023.07.17"]
[Round "7.1"]
[White "Wieckowski, Michal"]
[Black "Kitewski, Bartosz"]
[Result "0-1"]
[WhiteElo "1637"]
[BlackElo "1971"]

1. e4 c5 2. Nf3 d6 3. d4 cxd4 4. Nxd4 Nf6 5. Nc3 a6 6. Bg5 Nbd7 7. f4 Qb6
8. Qd2 Qxb2 9. Rb1 Qa3 10. Be2 e6 11. O-O Be7 12. f5 e5 13. Nb3 Qb4 14. a3
Qb6+ 15. Kh1 Qc7 16. Nd5 Nxd5 17. exd5 Nf6 18. Bxf6 Bxf6 19. c4 b6 20. Qd3
Bg5 21. Nd2 Bxd2 22. Qxd2 g6 23. f6 Bf5 24. Rb3 Rb8 25. Qh6 Kd7 26. Qg7
Rbf8 27. Qh6 Qc5 28. Qd2 h6 29. a4 Rb8 30. Qb2 Qd4 31. Qc3 Rhc8 32. Rd1
Qxc3 33. Rxc3 b5 34. axb5 axb5 35. Ra1 b4 36. Rb3 Bc2 37. Rb2 b3 38. Ra7+
Ke8 39. Bg4 Ra8 40. Bd7+ Kd8 0-1

[Event "Najdorf Memorial B"]
[Site "Warsaw POL"]
[Date "2023.07.17"]
[Round "7.2"]
[White "Terkiewicz, Bruno"]
[Black "Nesterenko, Kyrylo"]
[Result "1/2-1/2"]
[WhiteElo "1922"]
[BlackElo "1907"]

1. d4 Nf6 2. Nf3 e6 3. g3 c5 4. Bg2 Nc6 5. O-O cxd4 6. Nxd4 a6 7. c4 Qc7 8.
b3 Bc5 9. Bb2 O-O 10. e3 d5 11. cxd5 Bxd4 12. Bxd4 Nxd4 13. Qxd4 Nxd5 14.
Nd2 Rd8 15. Rac1 Qe7 16. Rfd1 e5 17. Qc5 Qxc5 18. Rc2 Qc4 19. Rxc4 Nb4 20.
Rc5 Be6 21. Rxe5 Bg4 22. f3 Be6 23. Re4 Nxa2 24. Rd4 Rxd4 25. exd4 Nc3 26.
Re1 Rd8 27. f4 Rxd4 28. f5 Rxd2 29. fxe6 fxe6 30. Bxb7 Rd6 31. Ra1 Rb6 32.
Bc8 Ne2+ 33. Kf2 Nd4 34. Rxa6 Rxa6 35. Bxa6 Nxb3 36. Bc4 Nc5 37. Ke3 Kf7
38. Kd4 Nd7 39. Bb5 Nf8 40. Ke4 Kf6 41. h4 h6 42. Be2 Ng6 43. Bg4 Ne7 44.
Kf4 Nf5 45. Bh3 e5+ 46. Kg4 Nd6 47. Bg2 e4 48. Kf4 g5+ 49. hxg5+ hxg5+ 50.
Kg4 Kg6 51. Bh1 Kf6 52. Bg2 e3 53. Kf3 Nc4 54. Ke2 Ke5 55. Kd3 g4 56. Bf1
Nd2 57. Be2 Ne4 58. Kxe3 Nxg3 59. Bxg4 1/2-1/2

[Event "Najdorf Memorial B"]
[Site "Warsaw POL"]
[Date "2023.07.17"]
[Round "7.3"]
[White "Arciszewska, Zuzanna"]
[Black "Gbiorczyk, Mikolaj"]
[Result "1/2-1/2"]
[WhiteElo "1732"]
[BlackElo "1904"]

1. d4 f5 2. g3 Nf6 3. Bg2 g6 4. c4 Bg7 5. Nc3 O-O 6. Nf3 d6 7. O-O c6 8.
Rb1 a5 9. a3 Ne4 10. Qb3 Kh8 11. Rd1 Na6 12. Be3 Nxc3 13. Qxc3 Nc5 14. Qc2
f4 15. Bxf4 Bf5 16. Qc1 Nb3 17. Qe3 Bxb1 18. Rxb1 a4 19. Bh6 Bxh6 20. Qxh6
e6 21. Ng5 Qe7 22. Rd1 Rf6 23. Bh3 Re8 24. Ne4 Rff8 25. Ng5 Rf6 26. Ne4
Rff8 1/2-1/2

[Event "Najdorf Memorial B"]
[Site "Warsaw POL"]
[Date "2023.07.17"]
[Round "7.4"]
[White "Haliniak, Wojciech"]
[Black "Gorniewicz, Oskar"]
[Result "0-1"]
[WhiteElo "1901"]
[BlackElo "1890"]

1. e4 c5 2. Nc3 Nc6 3. f4 g6 4. Nf3 Bg7 5. Bb5 Nd4 6. Nxd4 cxd4 7. Ne2 a6
8. Bd3 e6 9. c3 dxc3 10. bxc3 Ne7 11. Bc2 O-O 12. a4 f5 13. e5 d6 14. d4
dxe5 15. fxe5 Nd5 16. O-O Qc7 17. Qd3 Bd7 18. Bb3 b5 19. Ba3 Rfc8 20. Bxd5
exd5 21. Qf3 Be6 22. Nf4 Qf7 23. axb5 axb5 24. Bd6 Bh6 25. Rxa8 Rxa8 26.
Nd3 g5 27. g3 Ra2 28. Nc5 g4 29. Qd3 Rd2 30. Qxb5 Be3+ 31. Kh1 Rxh2+ 32.
Kxh2 Qh5+ 33. Kg2 Qh3# 0-1

[Event "Najdorf Memorial B"]
[Site "Warsaw POL"]
[Date "2023.07.17"]
[Round "7.5"]
[White "Grajczak, Adrian"]
[Black "Kudlak, Julia"]
[Result "1-0"]
[WhiteElo "1880"]
[BlackElo "1899"]

1. e4 e5 2. Nf3 Nc6 3. Bc4 Nf6 4. d3 h6 5. c3 d6 6. a4 g5 7. Qb3 Qe7 8. a5
a6 9. Nbd2 Bg7 10. Nf1 O-O 11. Ng3 Nh7 12. h3 Rb8 13. Be3 Kh8 14. O-O g4
15. hxg4 Bxg4 16. Nh2 Be6 17. Qd1 Qf6 18. Nh5 Qg6 19. f4 f5 20. Bxe6 Qxe6
21. Nxg7 Kxg7 22. exf5 Rxf5 23. Qg4+ Qg6 24. fxe5 Rxf1+ 25. Rxf1 Re8 26.
exd6 cxd6 27. Bd4+ Nxd4 28. Qxd4+ Kg8 29. Qd5+ Kh8 30. Qf7 Rg8 31. Qxg6
Rxg6 32. Re1 Ng5 33. Re8+ Kh7 34. Rb8 Nh3+ 35. Kf1 Rf6+ 36. Nf3 Nf4 37.
Rxb7+ Kg6 38. d4 Kf5 39. Re7 h5 40. Re8 Kg4 41. b4 Kg3 42. Rg8+ Ng6 43. b5
h4 44. Ke2 h3 45. gxh3 Re6+ 46. Kd2 Kxf3 47. bxa6 Nf4 48. a7 Re2+ 49. Kc1
Nd3+ 50. Kb1 1-0

[Event "Najdorf Memorial B"]
[Site "Warsaw POL"]
[Date "2023.07.17"]
[Round "7.6"]
[White "Suska, Szymon"]
[Black "Mironowicz, Karol"]
[Result "1-0"]
[WhiteElo "1876"]
[BlackElo "1714"]

1. Nf3 d5 2. g3 Nf6 3. Bg2 c6 4. O-O Bg4 5. Ne5 Bh5 6. d4 Nbd7 7. c4 e6 8.
Nc3 Nxe5 9. dxe5 Nd7 10. cxd5 exd5 11. f4 Bc5+ 12. Kh1 O-O 13. h3 f5 14.
Qc2 Qe7 15. a3 a5 16. Rd1 Kh8 17. b3 Ba7 18. Bb2 Nc5 19. b4 Ne6 20. Qd2 Bf2
21. Kh2 d4 22. Na4 g5 23. fxg5 Be3 24. Qe1 Rg8 25. Nb6 Rad8 26. Nc4 Qxg5
27. Rd3 f4 28. Rad1 axb4 29. axb4 fxg3+ 30. Kh1 Bf2 31. Qd2 Nf4 32. Nd6
Qxe5 33. Rxd4 Be3 34. Rxf4 Bxf4 35. Bxe5+ Bxe5 36. Qh6 Bg6 37. Qe3 Rge8 38.
Nf7+ Bxf7 39. Rxd8 Rxd8 40. Qxe5+ Kg8 41. Qg5+ 1-0

[Event "Najdorf Memorial B"]
[Site "Warsaw POL"]
[Date "2023.07.17"]
[Round "7.7"]
[White "Zeissel, Andrzej"]
[Black "Kulpa, Zuzanna"]
[Result "0-1"]
[WhiteElo "1813"]
[BlackElo "1911"]

1. e4 c6 2. d4 d5 3. f3 g6 4. Nc3 Bg7 5. Be3 Qb6 6. Qd2 Qxb2 7. Rb1 Qa3 8.
exd5 Nf6 9. dxc6 bxc6 10. Bd3 Nbd7 11. Nge2 Ba6 12. O-O O-O 13. Rb3 Qa5 14.
Rfb1 Nb6 15. Ne4 Qxd2 16. Bxd2 Nxe4 17. fxe4 Bxd3 18. Rxd3 Rfd8 19. Ba5 e5
20. dxe5 Bxe5 21. Bc3 Re8 22. Rf1 Bg7 23. Bxg7 Kxg7 24. Rf4 Rad8 25. Nc1
Nc4 26. Rxd8 Rxd8 27. Nd3 Rd4 28. g3 f6 29. h4 Nd2 30. Nc5 Kf7 31. Nb3 Nxb3
32. axb3 Ke6 33. Rf1 Rxe4 34. Kf2 a5 35. Ra1 Re5 36. Rd1 Rd5 37. Re1+ Kf5
38. Re2 h5 39. Kf3 Rc5 40. c4 Re5 41. Ra2 g5 42. Ra4 g4+ 43. Kf2 Ke4 44.
c5+ Kd3 45. Rxa5 Kc3 46. Ra6 Rxc5 47. Rb6 Kd3 48. Rb4 Kc3 49. Rb6 Kd4 50.
Rb4+ Ke5 51. Rf4 Rc2+ 52. Kg1 Rc3 53. Kg2 Rxb3 54. Rc4 Kd5 55. Rf4 Rf3 56.
Ra4 c5 57. Ra8 c4 58. Rd8+ Ke4 59. Rc8 c3 60. Rd8 c2 61. Rc8 Kd3 62. Rd8+
Ke2 63. Rc8 Kd2 64. Rd8+ Rd3 0-1